000 00351nam a22001457a 4500
008 210225b ||||| |||| 00| 0 eng d
020 _a9781319075880
041 _aeng
080 _211th
_a316
082 _a316
100 _a50
101 _aSOC
245 _aCurrent Issues and Enduring Questions
_cBarnet. S Bedau.H & O'Hara J
942 _2udc
_cBK
999 _c55236
_d55236